Un peu de football féminin - Statistiques

Statistiques générales
  • Ce quiz a été pris 341 fois
  • Le résultat moyen est 8 sur 15
Statistiques - réponses
Hint Réponse % Correct
Isabell Herlovsen Norvège
95%
Marta Brésil
90%
Homare Sawa Japon
80%
Christine Sinclair Canada
73%
Lotta Schelin Suède
72%
Nadine Kessler Allemagne
67%
Ji So Yun Corée du Sud
63%
Mia Hamm Etats-Unis
59%
Eniola Aluko Angleterre
55%
Ada Hegerberg Suisse
30%
Annette Ngo Ndom Cameroun
21%
Yoreli Rincon Colombie
21%
Rebecca Rolls Nouvelle-Zélande
16%
Jessica Aby Côte d'Ivoire
5%
Kerly Carranza Equateur
3%
Aucun quiz correspondant
Distribution des résultats
% des personnes avec chaque résultat
Percentile par nombre de réponses
Votre historique - résultats
Vous n’avez pas pris ce quiz